| 000 | 00530 a2200193 4500 | ||
|---|---|---|---|
| 000 | BKB | ||
| 001 | 138622 | ||
| 005 | 20200902153516.0 | ||
| 008 | |||
| 020 | _a9780333948750 | ||
| 082 |
_a321.8 _bW37D |
||
| 100 | 1 | _aAlbert, Weale | |
| 245 | 1 |
_aDemocracy _cby Weale Albert |
|
| 250 | _a2nd ed. | ||
| 260 |
_aNew York _bPalgrave Macmillan _c2007 |
||
| 300 | _a270p. | ||
| 630 | _aPPLG | ||
| 690 | _aPolitical science--Philosophy; Representative government and representation | ||
| 999 |
_c11397 _d11397 |
||